[Event "St Veit op 42nd"]
[Site "St Veit"]
[Date "2023.07.09"]
[Round "2"]
[White "Hoffmann, Sebastian"]
[Black "Wais, Michael"]
[Result "1-0"]
[WhiteElo "2134"]
[BlackElo "1849"]
[PlyCount "63"]
[EventDate "2023.07.08"]
[EventType "swiss"]
[EventRounds "9"]
[EventCountry "AUT"]
[SourceTitle "CBM 215 Extra"]
[Source "ChessBase"]
[SourceDate "2023.09.30"]
[SourceVersion "1"]
[SourceVersionDate "2023.09.30"]
[SourceQuality "1"]

1. d4 d5 2. c4 e6 3. Nc3 f5 4. g3 Nf6 5. Bg2 c6 6. Nf3 Be7 7. 0-0 0-0 8. Bf4 Qe8 9. Ne5 Qh5 10. f3 Nbd7 11. cxd5 Nxe5 12. d6 Bxd6 13. Bxe5 Bxe5 14. dxe5 Nd5 15. Qd4 g5 16. e4 Nxc3 17. bxc3 f4 18. Rfd1 fxg3 19. hxg3 Rf7 20. Qd8+ Kg7 21. Qe8 b6 22. Rd8 Bb7 23. Qg8+ Kh6 24. Rxa8 Bxa8 25. Qxa8 Rxf3 26. Qxc6 Rxg3 27. Qxe6+ Kg7 28. Qf6+ Kg8 29. Rf1 Rxg2+ 30. Kxg2 Qg4+ 31. Kf2 Qh4+ 32. Ke3 1-0

[Event "Marianske Lazne op 16th"]
[Site "Marianske Lazne"]
[Date "2017.01.25"]
[Round "6"]
[White "Wais, Michael"]
[Black "Mack, Thomas"]
[Result "0-1"]
[WhiteElo "2042"]
[BlackElo "1992"]
[PlyCount "36"]
[EventDate "2017.01.21"]
[EventType "swiss"]
[EventRounds "9"]
[EventCountry "CZE"]
[SourceTitle "CBM 176 Extra"]
[Source "ChessBase"]
[SourceDate "2017.03.02"]
[SourceVersion "1"]
[SourceVersionDate "2017.03.02"]
[SourceQuality "1"]

1. c4 e5 2. Nc3 f5 3. g4 fxg4 4. e4 Nf6 5. d3 d6 6. Bg5 Be7 7. h3 gxh3 8. Bxh3 Bxh3 9. Rxh3 Nc6 10. Nf3 Qd7 11. Rg3 0-0-0 12. Be3 Ng4 13. Bd2 h5 14. Ng5 Rdf8 15. Nh3 Bh4 16. Rf3 Nd4 17. Rxf8+ Rxf8 18. Bg5 Nf3+ 0-1

[Event "Marianske Lazne op 16th"]
[Site "Marianske Lazne"]
[Date "2017.01.22"]
[Round "2"]
[White "Wais, Michael"]
[Black "Christiansen, Johan Sebastian"]
[Result "0-1"]
[WhiteElo "2042"]
[BlackElo "2428"]
[PlyCount "52"]
[EventDate "2017.01.21"]
[EventType "swiss"]
[EventRounds "9"]
[EventCountry "CZE"]
[SourceTitle "CBM 176 Extra"]
[Source "ChessBase"]
[SourceDate "2017.03.02"]
[SourceVersion "1"]
[SourceVersionDate "2017.03.02"]
[SourceQuality "1"]

1. c4 e5 2. Nc3 Nc6 3. g3 Bc5 4. Bg2 a6 5. d3 d6 6. e4 Nf6 7. h3 b5 8. Nge2 Rb8 9. 0-0 0-0 10. Kh2 Nd4 11. Nxd4 Bxd4 12. Ne2 Ba7 13. f4 bxc4 14. dxc4 Bb7 15. Nc3 Bd4 16. Ne2 Bc5 17. Nc3 Re8 18. fxe5 Rxe5 19. Bf4 Re6 20. Qd3 Qd7 21. b3 Rbe8 22. Bf3 Nxe4 23. Na4 Ba7 24. Bg4 Nf2 25. Bxe6 Nxd3 26. Bxd7 Re2+ 0-1

[Event "Oberwart op"]
[Site "Oberwart"]
[Date "2000.??.??"]
[Round "3"]
[White "Loebler, Heimo"]
[Black "Wais, Michael"]
[Result "1-0"]
[WhiteElo "2271"]
[BlackElo "2046"]
[PlyCount "47"]
[EventDate "2000.??.??"]
[EventType "swiss"]
[EventRounds "9"]
[EventCountry "AUT"]
[SourceTitle "EXT 2001"]
[Source "ChessBase"]
[SourceDate "2000.11.22"]
[SourceVersion "1"]
[SourceVersionDate "2000.11.22"]
[SourceQuality "1"]

1. d4 c5 2. d5 Nf6 3. Nc3 Qa5 4. Bd2 b5 5. e4 b4 6. e5 Ba6 7. Bxa6 Qxa6 8. exf6 bxc3 9. Bxc3 gxf6 10. Qh5 Rg8 11. Ne2 Rg5 12. Qf3 d6 13. 0-0 Nd7 14. Qe4 Ne5 15. Ng3 Rg4 16. f4 Qc4 17. Qf5 e6 18. dxe6 fxe6 19. Qh5+ Kd7 20. fxe5 Rh4 21. Qf7+ Kc6 22. exf6 Bh6 23. Rae1 Rf8 24. Qxe6 1-0

[Event "AUT-chT2O 0001"]
[Site "Austria"]
[Date "2000.??.??"]
[Round "3"]
[White "Wais, Michael"]
[Black "Koller, Hubert"]
[Result "0-1"]
[WhiteElo "2040"]
[BlackElo "2125"]
[PlyCount "65"]
[EventDate "2000.??.??"]
[EventType "team"]
[EventRounds "11"]
[EventCountry "AUT"]
[SourceTitle "EXT 2003"]
[Source "ChessBase"]
[SourceDate "2002.11.25"]
[SourceVersion "1"]
[SourceVersionDate "2002.11.25"]
[SourceQuality "1"]

1. Nf3 d5 2. c4 d4 3. b4 f6 4. d3 e5 5. Nbd2 Bxb4 6. Qa4+ Nc6 7. Rb1 Qe7 8. g3 Nh6 9. Bg2 Nf7 10. 0-0 0-0 11. Ne1 Bxd2 12. Bxd2 Nfd8 13. Bc1 Re8 14. Ba3 Qd7 15. Nc2 Rb8 16. Rb2 b6 17. Rfb1 Na5 18. Qxd7 Bxd7 19. Nb4 c5 20. Nd5 Rc8 21. Bf3 f5 22. Bh5 Nf7 23. Re1 e4 24. Rbb1 Rc6 25. e3 g6 26. Bd1 exd3 27. Ba4 Kg7 28. Bxc6 Bxc6 29. exd4 Rxe1+ 30. Rxe1 Nxc4 31. Ne7 d2 32. Rd1 Bf3 33. Bb2 0-1

[Event "AUT-chT2O 9899"]
[Site "Austria"]
[Date "1999.??.??"]
[Round "6"]
[White "Poecksteiner, Johann"]
[Black "Wais, Michael"]
[Result "1-0"]
[WhiteElo "2205"]
[BlackElo "2085"]
[PlyCount "102"]
[EventDate "1998.10.??"]
[EventType "team"]
[EventRounds "11"]
[EventCountry "AUT"]
[SourceTitle "EXT 2000"]
[Source "ChessBase"]
[SourceDate "1999.11.16"]
[SourceVersion "1"]
[SourceVersionDate "1999.11.16"]
[SourceQuality "1"]

1. d4 c5 2. d5 Nf6 3. Nf3 b5 4. Bg5 Ne4 5. Bf4 Bb7 6. Qd3 Qa5+ 7. Nfd2 f5 8. f3 c4 9. Qd4 Nf6 10. e4 g6 11. Nc3 Bg7 12. Qc5 fxe4 13. fxe4 Ng4 14. Bc7 Na6 15. Bxa5 Nxc5 16. Nxb5 0-0 17. Nxc4 Nxe4 18. Be2 Bxd5 19. Nc7 Bxc4 20. Bxc4+ e6 21. Nxa8 Ne3 22. Bxe6+ dxe6 23. Ke2 Bh6 24. Be1 Rxa8 25. Kf3 Nc5 26. Bd2 Rf8+ 27. Ke2 Nxc2 28. Bxh6 Nxa1 29. Bxf8 Kxf8 30. Rxa1 Ke7 31. Rc1 Kd6 32. Rc4 Kd5 33. Rh4 h5 34. b4 Ne4 35. Ke3 Nc3 36. Rd4+ Ke5 37. Rc4 Nxa2 38. Rc5+ Kd6 39. Ra5 Nxb4 40. Rxa7 Nd5+ 41. Ke4 Nf6+ 42. Kf4 Nd5+ 43. Kg5 Ne3 44. g3 Nf1 45. Ra2 e5 46. Re2 Kd5 47. Kxg6 e4 48. Kxh5 e3 49. Re1 Nxh2 50. Rxe3 Nf1 51. Rf3 Ke4 1-0

[Event "Oberwart op"]
[Site "Oberwart"]
[Date "1998.07.30"]
[Round "6"]
[White "Holzer, Gerhard"]
[Black "Wais, Michael"]
[Result "1-0"]
[WhiteElo "2255"]
[BlackElo "2085"]
[PlyCount "47"]
[EventDate "1998.07.25"]
[EventType "swiss"]
[EventRounds "9"]
[EventCountry "AUT"]
[SourceTitle "CBM 065 Extra"]
[Source "ChessBase"]
[SourceDate "1998.09.09"]
[SourceVersion "1"]
[SourceVersionDate "1998.09.09"]
[SourceQuality "1"]

1. e4 c5 2. Nf3 Nc6 3. Nc3 g6 4. d4 cxd4 5. Nxd4 Bg7 6. Nb3 Bxc3+ 7. bxc3 Qc7 8. f3 d6 9. Be2 Be6 10. Nd4 0-0-0 11. Nb5 Qa5 12. Bd2 Ne5 13. c4 Qa4 14. Rb1 Bxc4 15. Rb4 Bxb5 16. Rxa4 Bxa4 17. Bc3 Nf6 18. Qd4 Bc6 19. Qxa7 Kd7 20. Bb5 Ra8 21. Qxb7+ Ke6 22. Bxc6 Nxc6 23. Bxf6 Na5 24. Qxe7# 1-0

[Event "AUT-chT2O 9798"]
[Site "Austria"]
[Date "1998.03.13"]
[Round "13"]
[White "Baumgartner, Heinz"]
[Black "Wais, Michael"]
[Result "1-0"]
[WhiteElo "2295"]
[BlackElo "2115"]
[PlyCount "33"]
[EventDate "1997.??.??"]
[EventType "team"]
[EventRounds "13"]
[EventCountry "AUT"]
[SourceTitle "EXT 1999"]
[Source "ChessBase"]
[SourceDate "1998.11.16"]
[SourceVersion "1"]
[SourceVersionDate "1998.11.16"]
[SourceQuality "1"]

1. Nf3 g6 2. d4 c5 3. dxc5 Qa5+ 4. Bd2 Qxc5 5. Bc3 f6 6. e4 e5 7. Nbd2 Qc6 8. Bc4 Bc5 9. Qe2 Na6 10. 0-0 Nc7 11. Nb3 b5 12. Bd5 Nxd5 13. exd5 Qxd5 14. Rad1 Qc6 15. Nxe5 fxe5 16. Qxe5+ Kf8 17. Nxc5 1-0

[Event "AUT-chT2O 9798"]
[Site "Austria"]
[Date "1997.12.08"]
[Round "6"]
[White "Ganaus, Hannes"]
[Black "Wais, Michael"]
[Result "1-0"]
[WhiteElo "2260"]
[BlackElo "2115"]
[PlyCount "33"]
[EventDate "1997.??.??"]
[EventType "team"]
[EventRounds "13"]
[EventCountry "AUT"]
[SourceTitle "EXT 1999"]
[Source "ChessBase"]
[SourceDate "1998.11.16"]
[SourceVersion "1"]
[SourceVersionDate "1998.11.16"]
[SourceQuality "1"]

1. d4 c5 2. e3 cxd4 3. exd4 d6 4. Nf3 g6 5. Bc4 Bg7 6. 0-0 Nh6 7. Re1 0-0 8. Bg5 Qc7 9. Bb3 e5 10. Nc3 Bg4 11. Nd5 Bxf3 12. Qxf3 Qa5 13. Be7 Nc6 14. Bxf8 Nxd4 15. Qc3 Nxb3 16. Bxg7 Kxg7 17. Qxb3 1-0

[Event "AUT-chT2O 9798"]
[Site "Austria"]
[Date "1997.11.07"]
[Round "1"]
[White "Wais, Michael"]
[Black "Vokroj, Rene"]
[Result "0-1"]
[WhiteElo "2115"]
[BlackElo "2250"]
[PlyCount "80"]
[EventDate "1997.??.??"]
[EventType "team"]
[EventRounds "13"]
[EventCountry "AUT"]
[SourceTitle "EXT 1999"]
[Source "ChessBase"]
[SourceDate "1998.11.16"]
[SourceVersion "1"]
[SourceVersionDate "1998.11.16"]
[SourceQuality "1"]

1. d4 Nf6 2. c4 e6 3. Nc3 Bb4 4. Qc2 c5 5. dxc5 Nc6 6. Nf3 Bxc5 7. Bg5 0-0 8. Rd1 h6 9. h4 Qb6 10. e3 Ng4 11. Bf4 f5 12. a3 e5 13. Nd5 Qa5+ 14. b4 Qxa3 15. bxc5 exf4 16. Nxf4 Qxc5 17. Be2 d6 18. Qb3 a5 19. Nd3 Qa7 20. c5+ Kh8 21. cxd6 a4 22. Qa2 Rf6 23. Ng5 Qa5+ 24. Kf1 Nd8 25. Nf4 Bd7 26. Nh5 Be6 27. Qc2 Rc8 28. Qb1 Bb3 29. Nxf6 Nxf6 30. Rd4 Kg8 31. Nf3 Ne4 32. Bd3 Ne6 33. Bxe4 Nxd4 34. Nxd4 fxe4 35. d7 Rd8 36. Qxe4 Bf7 37. Kg1 Rxd7 38. Rh3 a3 39. Rf3 a2 40. Nb3 Qc3 0-1